<?xml version="1.0" encoding="UTF-8"?>
<collection xmlns="http://www.loc.gov/MARC21/slim">
  <record>
    <leader>00000nam  2200000   4500</leader>
    <controlfield tag="001">INLIS000000000015690</controlfield>
    <controlfield tag="005">20230815114033</controlfield>
    <datafield tag="035" ind1="#" ind2="#">
      <subfield code="a">0010-0823000016</subfield>
    </datafield>
    <controlfield tag="007">ta</controlfield>
    <controlfield tag="008">230815################f##########0#ind##</controlfield>
    <datafield tag="084" ind1="#" ind2="#">
      <subfield code="a">R 013 PIM II 2022</subfield>
    </datafield>
    <datafield tag="100" ind1=" " ind2="#">
      <subfield code="a">Reni Mursidayanti</subfield>
    </datafield>
    <datafield tag="245" ind1="1" ind2="#">
      <subfield code="a">Optimalisasi Layanan Deregulasi Hukum di Kementerian Ketenagakerjaan /</subfield>
      <subfield code="c">Reni Mursidayanti</subfield>
    </datafield>
    <datafield tag="250" ind1="#" ind2="#">
      <subfield code="a">1</subfield>
    </datafield>
    <datafield tag="260" ind1="#" ind2="#">
      <subfield code="a">Jakarta :</subfield>
      <subfield code="b">Pusbangkom Pimnas dan Manajerial ASN,</subfield>
      <subfield code="c">2022</subfield>
    </datafield>
    <datafield tag="300" ind1="#" ind2="#">
      <subfield code="a">90 halaman :</subfield>
      <subfield code="b">ilus ;</subfield>
      <subfield code="c">30 cm</subfield>
    </datafield>
    <datafield tag="520" ind1="#" ind2="#">
      <subfield code="a">Deregulasi hukum dilakukan untuk menyesuaikan dinamika masyarakat yang menuntut adanya kemudahan, kecepatan layanan sehingga diharapkan tidak mengakibatkan kerugian bagi masyarakat dalam segala hal. Pembentukan regulasi ketenagakerjaan selama ini belum berorientasi pada perencanaan yang matang dan terukur, hal ini terlihat dari produk hukum yang di hasilkan jauh dari yang direncanakan. Sementara dari sisi perencanaan dan realisasi, perlu di optimalkan agar seimbang dan dari sisi substansi perlu untuk menyesuaikan dinamika dan tuntutan perkembangan jaman agar optimalisasi layanan hukum di Kementerian Ketenagakerjaan dapat berjalan dengan baik.</subfield>
    </datafield>
    <datafield tag="990" ind1="#" ind2="#">
      <subfield code="a">013</subfield>
    </datafield>
  </record>
</collection>
